[Event "II Festival del Salento A"]
[Site "Gallipoli ITA"]
[Date "2013.05.29"]
[Round "6"]
[White "O'Leary, Matt"]
[Black "Cammarota, Vittorio"]
[WhiteElo "1932"]
[BlackElo "1884"]
[Result "0-1"]
[PlyCount "78"]
[EventDate "2013.05.25"]

1. d4 d5 2. Nf3 c6 3. Nbd2 Nf6 4. e3 Bf5 5. c4 e6 6. Be2 Nbd7 7. O-O Be7 8. Nh4
Bg6 9. f4 Ne4 10. Nhf3 Bf5 11. cxd5 exd5 12. Nxe4 Bxe4 13. Nd2 Nf6 14. Nxe4
Nxe4 15. Bd3 Nf6 16. Bd2 O-O 17. Qc2 Rc8 18. b4 Re8 19. Bf5 Ra8 20. Rf3 g6 21.
Bd3 Bf8 22. Raf1 Qe7 23. f5 Ng4 24. fxg6 fxg6 25. h3 Nh6 26. Rg3 Bg7 27. b5
Rac8 28. Qa4 c5 29. dxc5 Qxc5 30. Rgf3 Qb6 31. Qb3 Kh8 32. Kh1 Qe6 33. a4 Rc7
34. Qb4 Rf7 35. Rxf7 Nxf7 36. e4 Ne5 37. exd5 Qxd5 38. Be4 Qc4 39. Bxb7 Qxf1+
0-1

[Event "II Festival del Salento A"]
[Site "Gallipoli ITA"]
[Date "2013.05.29"]
[Round "6"]
[White "Paolillo, Gaia"]
[Black "Pizzuto, Samuele Tullio"]
[WhiteElo "1903"]
[BlackElo "2099"]
[Result "0-1"]
[PlyCount "62"]
[EventDate "2013.05.25"]

1. e4 Nc6 2. Nf3 d6 3. d4 Nf6 4. Nc3 Bg4 5. Bb5 a6 6. Bxc6+ bxc6 7. Qe2 e6 8.
O-O Be7 9. e5 Nd5 10. Ne4 Bh5 11. c4 Nb6 12. exd6 cxd6 13. Bf4 d5 14. cxd5 Qxd5
15. Rfd1 O-O 16. b3 Rfc8 17. Qd3 Bg6 18. Nfd2 c5 19. f3 cxd4 20. h3 e5 21. Bh2
f5 22. Ng3 Qe6 23. Rac1 Nd5 24. Ngf1 Nc3 25. Re1 e4 26. fxe4 fxe4 27. Qg3 Ne2+
28. Rxe2 Rxc1 29. Nxe4 Rf8 30. Rf2 Qxe4 31. Rxf8+ Bxf8 0-1

[Event "II Festival del Salento A"]
[Site "Gallipoli ITA"]
[Date "2013.05.29"]
[Round "6"]
[White "Quaranta, Cristiano"]
[Black "Tania, Sachdev"]
[WhiteElo "2172"]
[BlackElo "2408"]
[Result "1/2-1/2"]
[PlyCount "54"]
[EventDate "2013.05.25"]

1. e4 e5 2. Nf3 Nc6 3. Nc3 Nf6 4. g3 Bc5 5. Bg2 d6 6. h3 h6 7. d3 a6 8. O-O Be6
9. Be3 Qd7 10. Kh2 Bxe3 11. fxe3 O-O-O 12. d4 exd4 13. exd4 d5 14. exd5 Nxd5
15. Nxd5 Bxd5 16. b3 Be6 17. c3 Rhe8 18. Qd2 Qd6 19. Rad1 g5 20. Qf2 g4 21. Nh4
gxh3 22. Bxh3 Bxh3 23. Kxh3 Rg8 24. Qf4 Qe6+ 25. Qf5 Rd5 26. Qxe6+ fxe6 27.
Rde1 Rdg5 1/2-1/2

[Event "II Festival del Salento A"]
[Site "Gallipoli ITA"]
[Date "2013.05.29"]
[Round "6"]
[White "Ranfagni, Stefano"]
[Black "Callier, Christophe"]
[WhiteElo "1994"]
[BlackElo "2102"]
[Result "1-0"]
[PlyCount "61"]
[EventDate "2013.05.25"]

1. c4 Nf6 2. Nc3 g6 3. g3 Bg7 4. Bg2 O-O 5. e4 d6 6. Nge2 c5 7. d3 Nc6 8. O-O
Bd7 9. h3 Rb8 10. Be3 a6 11. a4 h6 12. Qd2 Kh7 13. f4 Qc8 14. Kh2 a5 15. g4
Bxg4 16. hxg4 Nxg4+ 17. Kg3 Nxe3 18. Qxe3 Nd4 19. Bh3 f5 20. Qf2 e5 21. Nxd4
exf4+ 22. Kg2 Bxd4 23. Qxf4 Qc6 24. Nd5 Be5 25. Qh4 g5 26. Bxf5+ Rxf5 27. Qh5
Rxf1 28. Rxf1 Qxa4 29. Rf7+ Bg7 30. Nf6+ Kh8 31. Qxh6+ 1-0

[Event "II Festival del Salento A"]
[Site "Gallipoli ITA"]
[Date "2013.05.29"]
[Round "6"]
[White "Rudolf, Anna"]
[Black "Ortega Ruiz, Jose' Miguel"]
[WhiteElo "2289"]
[BlackElo "2346"]
[Result "1-0"]
[PlyCount "85"]
[EventDate "2013.05.25"]

1. d4 Nf6 2. g3 g6 3. Bg2 Bg7 4. e4 d6 5. Nc3 c6 6. a4 e5 7. Nge2 O-O 8. O-O
Na6 9. h3 Re8 10. Be3 Qa5 11. Qd2 Be6 12. f4 Bc4 13. Rf2 Bxe2 14. Rxe2 Nh5 15.
Kh2 Qb4 16. fxe5 dxe5 17. d5 Rad8 18. Ra3 b6 19. Nd1 cxd5 20. exd5 e4 21. Bg5
f6 22. Qxb4 Nxb4 23. Bd2 Nxc2 24. Rc3 Nd4 25. Rxe4 Rxe4 26. Bxe4 f5 27. Bg2 Ne2
28. Re3 Nexg3 29. Re7 Bf6 30. Rxa7 Be5 31. Kg1 Re8 32. Bf3 Bf4 33. Bxf4 Nxf4
34. d6 Rd8 35. d7 Kf7 36. Ne3 Ke6 37. Nc4 h5 38. Nxb6 h4 39. Ra8 Rxa8 40. Bxa8
Ke7 41. a5 Nxh3+ 42. Kh2 Ng5 43. Bd5 1-0

[Event "II Festival del Salento A"]
[Site "Gallipoli ITA"]
[Date "2013.05.29"]
[Round "6"]
[White "Sansonetti, Giorgio"]
[Black "Dedijer, Sanja"]
[WhiteElo "2113"]
[BlackElo "2018"]
[Result "0-1"]
[PlyCount "80"]
[EventDate "2013.05.25"]

1. d4 d5 2. Nc3 Nf6 3. Bg5 g6 4. e3 Bg7 5. Nf3 O-O 6. Be2 Bg4 7. O-O Nbd7 8.
Bh4 c6 9. h3 Bxf3 10. Bxf3 Qb6 11. Qd2 e5 12. dxe5 Nxe5 13. Be2 Qb4 14. f4 Nc4
15. Bxc4 Qxc4 16. b3 Ne4 17. Nxe4 Qxe4 18. Rad1 Rfe8 19. Rf3 b5 20. Qf2 f5 21.
Rd3 a5 22. Qd2 b4 23. Kh2 a4 24. Rf2 axb3 25. cxb3 Rxa2 26. Qxa2 Qxd3 27. Rc2
Qxe3 28. Rxc6 Qxf4+ 29. Bg3 Qe4 30. Qd2 Be5 31. Qg5 f4 32. Bf2 f3+ 33. g3 d4
34. Rc1 d3 35. Re1 Qd5 36. h4 d2 37. Rd1 Rd8 38. h5 Bc3 39. Qe7 Qxh5+ 40. Kg1
Qd5 0-1

[Event "II Festival del Salento A"]
[Site "Gallipoli ITA"]
[Date "2013.05.29"]
[Round "6"]
[White "Schmitz, Manuela"]
[Black "Agrifoglio, Fabio"]
[WhiteElo "2027"]
[BlackElo "1965"]
[Result "1-0"]
[PlyCount "43"]
[EventDate "2013.05.25"]

1. d4 b6 2. Nf3 Bb7 3. c4 Bxf3 4. gxf3 e6 5. e4 Qh4 6. Be3 Nc6 7. Nc3 g6 8. Qd2
Bh6 9. O-O-O Bxe3 10. Qxe3 Qh6 11. f4 Nf6 12. Be2 O-O-O 13. d5 Na5 14. Kb1 Nh5
15. Bxh5 gxh5 16. c5 Kb8 17. d6 cxd6 18. cxb6 a6 19. Qd3 Qxf4 20. Qxa6 Nc6 21.
Nb5 Qxf2 22. Nxd6 1-0

[Event "II Festival del Salento A"]
[Site "Gallipoli ITA"]
[Date "2013.05.29"]
[Round "6"]
[White "Valsecchi, Alessio"]
[Black "Naumkin, Igor"]
[WhiteElo "2429"]
[BlackElo "2453"]
[Result "1/2-1/2"]
[PlyCount "38"]
[EventDate "2013.05.25"]

1. Nf3 Nf6 2. c4 e6 3. g3 d5 4. Bg2 Be7 5. O-O O-O 6. d4 dxc4 7. Qc2 a6 8. a4
Nc6 9. Qxc4 Qd5 10. Qxd5 Nxd5 11. Nc3 Ndb4 12. Bf4 Bd6 13. Rfd1 Bxf4 14. gxf4
Rd8 15. e3 Bd7 16. Ne5 Be8 17. Rac1 Na5 18. b3 Rab8 19. Rb1 f6 1/2-1/2

[Event "II Festival del Salento A"]
[Site "Gallipoli ITA"]
[Date "2013.05.29"]
[Round "6"]
[White "Vargas, Gabriela"]
[Black "Korneev, Oleg"]
[WhiteElo "2057"]
[BlackElo "2630"]
[Result "0-1"]
[PlyCount "80"]
[EventDate "2013.05.25"]

1. d4 d5 2. Nf3 Nf6 3. c4 e6 4. e3 a6 5. b3 c5 6. Bd3 Nc6 7. Bb2 cxd4 8. exd4
g6 9. O-O Bg7 10. Nbd2 O-O 11. Rc1 Nh5 12. Bb1 Nf4 13. Re1 dxc4 14. Nxc4 b5 15.
Be4 Bb7 16. Nce5 Nxe5 17. Bxb7 Ned3 18. Bxa8 Qxa8 19. Rc2 Nxe1 20. Qxe1 Rd8 21.
Qe3 Nd5 22. Qe4 Nb4 23. Qxa8 Rxa8 24. Rc7 Nxa2 25. Ng5 Rf8 26. Kf1 h6 27. Nf3
Nb4 28. Ba3 Nd5 29. Rc6 b4 30. Bc1 Ra8 31. Ne1 a5 32. Nd3 Bxd4 33. Bxh6 a4 34.
bxa4 b3 35. Bc1 Rb8 36. Bb2 Nb4 37. Nxb4 Bxb2 38. Na6 Bd4 39. Rc1 b2 40. Rb1
Rb6 0-1

[Event "II Festival del Salento A"]
[Site "Gallipoli ITA"]
[Date "2013.05.30"]
[Round "7"]
[White "Al Hamlan, Faisal"]
[Black "Sansonetti, Giorgio"]
[WhiteElo "1968"]
[BlackElo "2113"]
[Result "1-0"]
[PlyCount "81"]
[EventDate "2013.05.25"]

1. d4 e6 2. e4 c5 3. Nf3 cxd4 4. Nxd4 Nf6 5. Bd3 Nc6 6. Nxc6 bxc6 7. O-O d5 8.
Qe2 Be7 9. Nd2 Bb7 10. b3 Nd7 11. Bb2 Bf6 12. e5 Be7 13. c4 g6 14. f4 Bc5+ 15.
Kh1 Qh4 16. Rac1 Rc8 17. cxd5 cxd5 18. Bb5 Qe7 19. Rc2 O-O 20. Nf3 Bb6 21. Rfc1
Rxc2 22. Rxc2 Rd8 23. h3 Nf8 24. Bc6 d4 25. Qd3 Bc8 26. a3 a5 27. Ng5 Qa7 28.
Ne4 Ba6 29. Nf6+ Kh8 30. Bb5 Bxb5 31. Qxb5 d3 32. Rd2 Qc7 33. Rxd3 Qc2 34. Rxd8
Qb1+ 35. Kh2 Bg1+ 36. Kg3 Qe1+ 37. Kg4 h5+ 38. Nxh5 gxh5+ 39. Kxh5 Kg7 40. f5
Qg3 41. f6+ 1-0

[Event "II Festival del Salento A"]
[Site "Gallipoli ITA"]
[Date "2013.05.30"]
[Round "7"]
[White "Bernabei, Alberto"]
[Black "Schmitz, Manuela"]
[WhiteElo "1968"]
[BlackElo "2027"]
[Result "1/2-1/2"]
[PlyCount "65"]
[EventDate "2013.05.25"]

1. e4 e6 2. d3 d5 3. Nd2 Nf6 4. Ngf3 c5 5. c3 Nc6 6. Be2 g6 7. O-O Bg7 8. Re1
O-O 9. e5 Nd7 10. d4 f6 11. exf6 Qxf6 12. Nb3 b6 13. Bb5 Bb7 14. Bxc6 Bxc6 15.
Bg5 Qf7 16. Bh4 h6 17. Bg3 Rfe8 18. Ne5 Nxe5 19. Bxe5 Ba4 20. Qg4 Bxb3 21. axb3
cxd4 22. Qxd4 Bf8 23. Ra4 Bc5 24. Qh4 g5 25. Qg3 Kh7 26. Rg4 Rf8 27. Rf1 Rg8
28. b4 Be7 29. f4 Raf8 30. Qd3+ Qf5 31. Qxf5+ Rxf5 32. Rg3 Rgf8 33. Rgf3
1/2-1/2

[Event "II Festival del Salento A"]
[Site "Gallipoli ITA"]
[Date "2013.05.30"]
[Round "7"]
[White "Callier, Christophe"]
[Black "Klein, Gernot"]
[WhiteElo "2102"]
[BlackElo "1888"]
[Result "1-0"]
[PlyCount "61"]
[EventDate "2013.05.25"]

1. e4 c5 2. Nf3 e6 3. d4 cxd4 4. Nxd4 a6 5. f4 d5 6. e5 Nc6 7. c3 Nge7 8. Be3
Nxd4 9. Bxd4 Nf5 10. Bf2 Be7 11. Nd2 b5 12. Nf3 Bb7 13. Bd3 Nh4 14. O-O Nxf3+
15. Qxf3 g6 16. b4 Rc8 17. Bd4 h5 18. a4 Bc6 19. axb5 axb5 20. Ra7 O-O 21. g4
h4 22. f5 f6 23. Qe3 g5 24. Rxe7 Qxe7 25. exf6 Rxf6 26. Qxg5+ Kf7 27. Bxf6 Qa7+
28. Bd4 Qa8 29. fxe6+ Kxe6 30. Qe5+ Kd7 31. Rf7+ 1-0

[Event "II Festival del Salento A"]
[Site "Gallipoli ITA"]
[Date "2013.05.30"]
[Round "7"]
[White "Cammarota, Vittorio"]
[Black "Al Khateeb, Taher"]
[WhiteElo "1884"]
[BlackElo "1984"]
[Result "0-1"]
[PlyCount "94"]
[EventDate "2013.05.25"]

1. Nf3 c5 2. e3 d5 3. d4 cxd4 4. exd4 Nc6 5. c3 Bg4 6. Nbd2 Nf6 7. Qc2 e6 8.
Bd3 Bd6 9. O-O O-O 10. Re1 Rc8 11. Qb1 Qc7 12. h3 Bh5 13. c4 Bxf3 14. Nxf3 dxc4
15. Be4 Nxe4 16. Qxe4 Ne7 17. Ng5 Ng6 18. h4 Qc6 19. h5 h6 20. Qxc6 Rxc6 21.
hxg6 hxg5 22. gxf7+ Kxf7 23. Bxg5 b5 24. Bd2 b4 25. Rac1 Rfc8 26. Re3 a5 27.
Rf3+ Kg8 28. a3 Rf8 29. Rh3 Rf5 30. a4 Rc8 31. g4 Rd5 32. Be3 Bb8 33. Kg2 Ba7
34. Rch1 Rc6 35. Rh5 Rxh5 36. gxh5 Rd6 37. Rd1 Kf7 38. Kf3 Rd5 39. Kg4 e5 40.
f4 exd4 41. Bf2 c3 42. bxc3 bxc3 43. Kf3 c2 44. Rc1 d3 45. Be1 d2 46. Bxd2 Rxd2
47. Ke4 Bd4 0-1

[Event "II Festival del Salento A"]
[Site "Gallipoli ITA"]
[Date "2013.05.30"]
[Round "7"]
[White "Caruso, Augusto"]
[Black "Dedijer, Sanja"]
[WhiteElo "2272"]
[BlackElo "2018"]
[Result "1-0"]
[PlyCount "61"]
[EventDate "2013.05.25"]

1. f4 d5 2. Nf3 Nf6 3. e3 g6 4. Be2 Bg7 5. O-O O-O 6. d3 c5 7. Qe1 Nc6 8. Qh4
Bg4 9. Nbd2 Qb6 10. Kh1 c4 11. dxc4 Qxe3 12. Bd3 Bxf3 13. Nxf3 Qc5 14. f5 dxc4
15. Bxc4 b5 16. Bd3 Rad8 17. fxg6 hxg6 18. Ng5 Nh5 19. g4 Rxd3 20. cxd3 Qd5+
21. Nf3 Qxd3 22. Bg5 Bxb2 23. Rad1 Qc4 24. Rf2 Bd4 25. Nxd4 Nxd4 26. gxh5 Qd5+
27. Rg2 e5 28. Bf6 Rc8 29. hxg6 Qxg2+ 30. Kxg2 Rc2+ 31. Kf1 1-0

[Event "II Festival del Salento A"]
[Site "Gallipoli ITA"]
[Date "2013.05.30"]
[Round "7"]
[White "Dedijer, Mira"]
[Black "Schmitz, Andreas Arnold"]
[WhiteElo "1980"]
[BlackElo "2059"]
[Result "0-1"]
[PlyCount "30"]
[EventDate "2013.05.25"]

1. e4 e5 2. Nf3 Nc6 3. Bb5 Bc5 4. O-O Qf6 5. d3 Nge7 6. Bg5 Qd6 7. Nbd2 f6 8.
Nc4 Qe6 9. Bh4 a6 10. Bxc6 dxc6 11. c3 h5 12. h3 g5 13. Bg3 g4 14. hxg4 Qxg4
15. Nh4 Qxg3 0-1

[Event "II Festival del Salento A"]
[Site "Gallipoli ITA"]
[Date "2013.05.30"]
[Round "7"]
[White "Gutierrez, Leonela"]
[Black "De Giorgi, Stefano"]
[WhiteElo "2090"]
[BlackElo "2102"]
[Result "1-0"]
[PlyCount "49"]
[EventDate "2013.05.25"]

1. e4 e6 2. b3 Nf6 3. e5 Nd5 4. Bb2 Nc6 5. Qg4 h5 6. Qg3 Nce7 7. f4 Nf5 8. Qf2
b6 9. Nc3 Bc5 10. Qf3 Rb8 11. Nxd5 exd5 12. O-O-O Bb7 13. d4 Bf8 14. Bd3 Ne7
15. f5 g6 16. f6 Bh6+ 17. Kb1 Nc8 18. g4 h4 19. Nh3 g5 20. Qf5 c5 21. Nxg5 Bxg5
22. Qxg5 c4 23. Qg7 Rf8 24. Ba3 d6 25. Bf5 1-0

[Event "II Festival del Salento A"]
[Site "Gallipoli ITA"]
[Date "2013.05.30"]
[Round "7"]
[White "Korneev, Oleg"]
[Black "Valsecchi, Alessio"]
[WhiteElo "2630"]
[BlackElo "2429"]
[Result "1-0"]
[PlyCount "95"]
[EventDate "2013.05.25"]

1. e4 e5 2. Nf3 Nc6 3. Bc4 Bc5 4. O-O Nf6 5. d3 d6 6. c3 a6 7. Bb3 Ba7 8. Nbd2
O-O 9. h3 Ne7 10. Re1 Ng6 11. Nf1 b5 12. Ng3 c5 13. Bd2 Qc7 14. Bg5 c4 15. Bc2
cxd3 16. Qxd3 Be6 17. Rad1 Ne8 18. Bb3 h6 19. Bc1 Rd8 20. Nh5 Qe7 21. Nh2 Qh4
22. Ng3 Nc7 23. Qf3 d5 24. Nf5 Bxf5 25. Qxf5 Ne7 26. Qf3 Rd6 27. Be3 dxe4 28.
Qg4 Qxg4 29. Nxg4 Rxd1 30. Rxd1 Bxe3 31. fxe3 Nc6 32. Rd7 Ne6 33. Bxe6 fxe6 34.
Rd6 h5 35. Rxc6 hxg4 36. hxg4 Rd8 37. Rxa6 Kf7 38. Rb6 Rd5 39. Kf1 Rd1+ 40. Ke2
Rc1 41. Rxb5 Rc2+ 42. Kf1 Kf6 43. a4 Rc1+ 44. Kf2 Rc2+ 45. Kg3 Re2 46. a5 Rxe3+
47. Kf2 Rd3 48. a6 1-0

[Event "II Festival del Salento A"]
[Site "Gallipoli ITA"]
[Date "2013.05.30"]
[Round "7"]
[White "Mastrolonardo, Francesco"]
[Black "Paolillo, Gaia"]
[WhiteElo "1912"]
[BlackElo "1903"]
[Result "1/2-1/2"]
[PlyCount "135"]
[EventDate "2013.05.25"]

1. e4 e5 2. Nf3 Nc6 3. Bc4 Bc5 4. c3 Nf6 5. d3 d6 6. Nbd2 a6 7. Bb3 O-O 8. O-O
Ba7 9. h3 Ne7 10. Re1 Ng6 11. Nf1 h6 12. Ng3 Re8 13. d4 Bd7 14. Bc2 Bc6 15. Be3
b5 16. Qd2 d5 17. Nxe5 Nxe5 18. dxe5 Nxe4 19. Nxe4 dxe4 20. Qxd8 Rexd8 21. Bxa7
Rxa7 22. Bxe4 Bxe4 23. Rxe4 Rd2 24. b3 c5 25. a4 Rad7 26. axb5 axb5 27. Ra5
R7d3 28. Re3 Rxe3 29. fxe3 Rc2 30. Rxb5 Rxc3 31. Kf2 Rc2+ 32. Kf3 c4 33. bxc4
Rxc4 34. Rb7 Rc1 35. Rb2 Kh7 36. Kf4 Rf1+ 37. Kg4 Re1 38. Kf4 Rf1+ 39. Ke4 Ra1
40. Rd2 Ra4+ 41. Rd4 Ra2 42. g3 Rg2 43. Kf3 Rh2 44. h4 Kg6 45. Rg4+ Kh7 46. e6
fxe6 47. Re4 Kg6 48. Rxe6+ Kf7 49. Rc6 Rh1 50. e4 Rf1+ 51. Ke3 Rg1 52. Kf4 Rf1+
53. Ke3 Rg1 54. Kf2 Ra1 55. g4 Ra3 56. Rc5 Ke6 57. Rf5 Rb3 58. h5 Ra3 59. Rb5
Rc3 60. g5 hxg5 61. Rxg5 Kf6 62. Rf5+ Ke6 63. Rb5 Ra3 64. Rb6+ Ke5 65. Rg6 Kxe4
66. Rxg7 Rh3 67. Rg5 Kf4 68. Rc5 1/2-1/2

[Event "II Festival del Salento A"]
[Site "Gallipoli ITA"]
[Date "2013.05.30"]
[Round "7"]
[White "O'Leary, Matt"]
[Black "Minerba, Paolo"]
[WhiteElo "1932"]
[BlackElo "1874"]
[Result "0-1"]
[PlyCount "80"]
[EventDate "2013.05.25"]

1. d4 d5 2. c4 c6 3. Nf3 Nf6 4. Nc3 dxc4 5. e4 b5 6. a4 b4 7. e5 Nd5 8. Ne4 c3
9. bxc3 bxc3 10. Ba3 Bf5 11. Bd3 Bxe4 12. Bxe4 e6 13. Bxf8 Rxf8 14. O-O Nd7 15.
Bxd5 cxd5 16. Qb3 Qa5 17. Rfc1 Rc8 18. Ra3 Ke7 19. Rxc3 Rxc3 20. Qxc3 Qxc3 21.
Rxc3 Rb8 22. g3 Rb1+ 23. Kg2 Ra1 24. Ng5 Rxa4 25. Rc7 f6 26. Nxh7 Rxd4 27. Rxa7
fxe5 28. Ng5 Rc4 29. Nf3 Kd6 30. Kf1 Rc8 31. Ke2 Rc2+ 32. Kd1 Rxf2 33. Ra3 e4
34. Ke1 Rxf3 35. Ra6+ Ke5 36. Ra7 Rf7 37. g4 Kf4 38. h3 d4 39. Kd2 e3+ 40. Kd3
Ne5+ 0-1

[Event "II Festival del Salento A"]
[Site "Gallipoli ITA"]
[Date "2013.05.30"]
[Round "7"]
[White "Ortega Ruiz, Jose' Miguel"]
[Black "Vargas, Gabriela"]
[WhiteElo "2346"]
[BlackElo "2057"]
[Result "1-0"]
[PlyCount "47"]
[EventDate "2013.05.25"]

1. d4 d5 2. Nf3 Nf6 3. c4 c6 4. e3 a6 5. Nbd2 b5 6. b3 Bg4 7. Bd3 Nbd7 8. Bb2
dxc4 9. bxc4 e5 10. Qc2 Bxf3 11. Nxf3 Bb4+ 12. Ke2 bxc4 13. Bxc4 exd4 14. Nxd4
c5 15. Nf5 O-O 16. Rhd1 Qc7 17. Nxg7 Kxg7 18. Qf5 Rfd8 19. Rxd7 Rxd7 20. Qxf6+
Kf8 21. Qg7+ Ke8 22. Qg8+ Ke7 23. Qxf7+ Kd6 24. Qe6# 1-0

[Event "II Festival del Salento A"]
[Site "Gallipoli ITA"]
[Date "2013.05.30"]
[Round "7"]
[White "Piscopo, Pierluigi"]
[Black "Quaranta, Cristiano"]
[WhiteElo "2393"]
[BlackElo "2172"]
[Result "1-0"]
[PlyCount "37"]
[EventDate "2013.05.25"]

1. e4 e6 2. d4 d5 3. Nd2 c5 4. c3 cxd4 5. cxd4 dxe4 6. Nxe4 Bb4+ 7. Nc3 Nc6 8.
Nf3 Nf6 9. Bd3 Qa5 10. O-O O-O 11. Bg5 Be7 12. Re1 h6 13. Be3 Nb4 14. Bb1 Nbd5
15. Bd2 Nxc3 16. bxc3 Rd8 17. Ne5 Bf8 18. Qf3 Qd5 19. Be4 1-0

[Event "II Festival del Salento A"]
[Site "Gallipoli ITA"]
[Date "2013.05.30"]
[Round "7"]
[White "Rothebarth De Paula, Ana Vitoria"]
[Black "Fasiello, Andrea"]
[WhiteElo "2006"]
[BlackElo "1988"]
[Result "1/2-1/2"]
[PlyCount "94"]
[EventDate "2013.05.25"]

1. e4 e5 2. Nf3 Nc6 3. Bb5 a6 4. Ba4 Nf6 5. O-O d6 6. Re1 Bd7 7. c3 g6 8. d3
Bg7 9. Nbd2 O-O 10. Nf1 h6 11. Ng3 Qe7 12. b4 Rfe8 13. Bb3 Be6 14. Bb2 Qd7 15.
Bxe6 Qxe6 16. d4 Qe7 17. d5 Nb8 18. c4 Nbd7 19. Qb3 Nh7 20. Rac1 Rf8 21. Qc2 b6
22. Ba3 h5 23. Qa4 a5 24. Qc6 axb4 25. Bxb4 Ra7 26. a4 Nb8 27. Qb5 h4 28. Nf1
Na6 29. Rb1 Ng5 30. Nxg5 Qxg5 31. Bd2 Qe7 32. Be3 Raa8 33. h3 f5 34. f3 Bf6 35.
Nd2 Bg5 36. Nb3 Bxe3+ 37. Rxe3 Qg5 38. Rbe1 Qf6 39. a5 bxa5 40. exf5 gxf5 41.
Qxa5 Nc5 42. Qd2 f4 43. Rc3 Nxb3 44. Rxb3 Rfb8 45. Qc2 Kg7 46. Reb1 Rxb3 47.
Qxb3 Qd8 1/2-1/2

[Event "II Festival del Salento A"]
[Site "Gallipoli ITA"]
[Date "2013.05.30"]
[Round "7"]
[White "Rudolf, Anna"]
[Black "Ranfagni, Stefano"]
[WhiteElo "2289"]
[BlackElo "1994"]
[Result "1-0"]
[PlyCount "113"]
[EventDate "2013.05.25"]

1. e4 e6 2. d4 d5 3. Nc3 dxe4 4. Nxe4 Nd7 5. Nf3 Ngf6 6. Bg5 Be7 7. Nxf6+ Nxf6
8. Bd3 h6 9. Be3 Nd5 10. Bd2 c5 11. dxc5 Bxc5 12. O-O O-O 13. Qe2 Bd6 14. Rad1
Qc7 15. Rfe1 Bd7 16. Ne5 Bxe5 17. Qxe5 Qxe5 18. Rxe5 f6 19. Ree1 e5 20. Bc4 Be6
21. Bxh6 Rfd8 22. Bc1 Rac8 23. Bb3 Kf7 24. c3 b5 25. Rd3 Nb6 26. Bxe6+ Kxe6 27.
Rxd8 Rxd8 28. f4 Nc4 29. Kf2 Kf5 30. b3 Nd6 31. g4+ Kxg4 32. fxe5 fxe5 33. Rxe5
Rf8+ 34. Ke2 Re8 35. Rxe8 Nxe8 36. Ke3 Kf5 37. Kd4 Ke6 38. Bf4 Nf6 39. Be5 Ng4
40. Bxg7 Nxh2 41. Kc5 a6 42. Kb6 Kd5 43. Kxa6 Kc6 44. Ka5 Nf3 45. a4 bxa4 46.
Kxa4 Nd2 47. Bh6 Ne4 48. Kb4 Nd6 49. Be3 Nb5 50. Bf4 Na7 51. c4 Nc8 52. Ka5 Nb6
53. Be3 Nd7 54. b4 Ne5 55. b5+ Kb7 56. Kb4 Nd3+ 57. Kc3 1-0

[Event "II Festival del Salento A"]
[Site "Gallipoli ITA"]
[Date "2013.05.30"]
[Round "7"]
[White "Schiappoli, Dario"]
[Black "Balducci, Alessandro"]
[WhiteElo "1930"]
[BlackElo "1848"]
[Result "1/2-1/2"]
[PlyCount "47"]
[EventDate "2013.05.25"]

1. e4 c5 2. Nf3 d6 3. d4 cxd4 4. Nxd4 Nf6 5. Nc3 a6 6. Bc4 e6 7. Bb3 Be7 8. O-O
O-O 9. Be3 Nc6 10. f4 Qc7 11. Qf3 Bd7 12. f5 Nxd4 13. Bxd4 e5 14. Be3 b5 15. g4
b4 16. Ne2 Bc6 17. Ng3 Qb7 18. g5 Nxe4 19. Nxe4 Bxe4 20. Qh5 d5 21. f6 Bg6 22.
Qf3 Be4 23. Qh5 Bg6 24. Qf3 1/2-1/2

[Event "II Festival del Salento A"]
[Site "Gallipoli ITA"]
[Date "2013.05.30"]
[Round "7"]
[White "Tania, Sachdev"]
[Black "Al Hajiri, Bader"]
[WhiteElo "2408"]
[BlackElo "2019"]
[Result "1-0"]
[PlyCount "43"]
[EventDate "2013.05.25"]

1. d4 d5 2. c4 c6 3. Nc3 Nf6 4. Nf3 e6 5. g3 Nbd7 6. Bg2 Be7 7. O-O O-O 8. b3
b6 9. Qd3 Bb7 10. e4 dxe4 11. Nxe4 c5 12. Nxf6+ Nxf6 13. Bb2 cxd4 14. Rad1 Qc7
15. Bxd4 Rad8 16. Qe2 Ne4 17. Ne5 Bc5 18. Bxc5 Nc3 19. Qc2 Bxg2 20. Kxg2 Nxd1
21. Bxf8 Qxe5 22. Be7 1-0

[Event "II Festival del Salento A"]
[Site "Gallipoli ITA"]
[Date "2013.05.30"]
[Round "7"]
[White "Wynarczyk, Raymond"]
[Black "Alkhaldi, Bader"]
[WhiteElo "1959"]
[BlackElo "1997"]
[Result "1-0"]
[PlyCount "95"]
[EventDate "2013.05.25"]

1. e4 c5 2. Nf3 g6 3. d4 cxd4 4. Nxd4 Nc6 5. Be3 Bg7 6. Nc3 Nf6 7. Bc4 O-O 8.
Bb3 d6 9. f3 Bd7 10. Nxc6 Bxc6 11. Qd2 b5 12. Bh6 b4 13. Bxg7 Kxg7 14. Ne2 a5
15. Nd4 Bb7 16. Bc4 Rc8 17. Bd3 e5 18. Ne2 d5 19. exd5 Qxd5 20. Ng3 e4 21. fxe4
Rfe8 22. O-O Nxe4 23. Nxe4 Rxe4 24. Rf2 Re7 25. b3 Rce8 26. Raf1 Qc5 27. Qf4 f5
28. Qc4 Qxc4 29. Bxc4 Re1 30. g4 Rxf1+ 31. Kxf1 Be4 32. gxf5 gxf5 33. Bd3 Kf6
34. Ke2 Ke5 35. Kd2 h5 36. Ke3 Rc8 37. Bc4 a4 38. Bd3 a3 39. Rf4 Rc3 40. Rh4
Bxd3 41. cxd3 Rxb3 42. Rxh5 Rxd3+ 43. Kxd3 b3 44. Rg5 Kf4 45. Rg1 b2 46. Kc2
Ke3 47. Rg3+ Ke2 48. Rxa3 1-0

[Event "II Festival del Salento A"]
[Site "Gallipoli ITA"]
[Date "2013.05.31"]
[Round "8"]
[White "Agrifoglio, Fabio"]
[Black "Schiappoli, Dario"]
[WhiteElo "1965"]
[BlackElo "1930"]
[Result "1-0"]
[PlyCount "69"]
[EventDate "2013.05.25"]

1. e4 c5 2. Nf3 d6 3. d3 Nc6 4. Be2 g6 5. O-O Bg7 6. c3 h6 7. h3 e5 8. Re1 Be6
9. Bf1 Qb6 10. Nbd2 O-O-O 11. Nc4 Bxc4 12. dxc4 f5 13. Nh4 Nge7 14. Bd3 Bf6 15.
Nf3 Qc7 16. Rb1 Kb8 17. a3 f4 18. b4 Kc8 19. Nh2 h5 20. Be2 Kb8 21. Bf3 Ng8 22.
Re2 Qf7 23. Qd3 g5 24. Qd5 Qh7 25. bxc5 Nge7 26. Qe6 dxc5 27. Reb2 b6 28. Qxf6
g4 29. Bxg4 hxg4 30. Nxg4 Qxe4 31. Nxe5 Rhf8 32. Nd7+ Kc7 33. Nxf8 Rd1+ 34. Kh2
f3 35. Bf4+ 1-0

[Event "II Festival del Salento A"]
[Site "Gallipoli ITA"]
[Date "2013.05.31"]
[Round "8"]
[White "Al Hajiri, Bader"]
[Black "Messina, Roberta"]
[WhiteElo "2019"]
[BlackElo "1998"]
[Result "0-1"]
[PlyCount "74"]
[EventDate "2013.05.25"]

1. e4 c5 2. Nf3 d6 3. d4 cxd4 4. Qxd4 Nc6 5. Bb5 Bd7 6. Bxc6 Bxc6 7. Nc3 Nf6 8.
Bg5 e6 9. O-O-O Be7 10. Rhe1 O-O 11. Kb1 h6 12. Bh4 Qc7 13. Qd2 Rfd8 14. Nd4
Be8 15. f3 a6 16. Bf2 b5 17. g4 Nd7 18. Nf5 Ne5 19. Nxe7+ Qxe7 20. Qe2 b4 21.
f4 Ng6 22. f5 Nf8 23. f6 gxf6 24. Nd5 exd5 25. Rxd5 Ng6 26. Be3 Bc6 27. Rh5
Qxe4 28. Qd2 Re8 29. Rxh6 Re6 30. g5 fxg5 31. Rh3 Qg2 32. Qxg2 Bxg2 33. Rg3
Rae8 34. Kc1 f6 35. Kd2 Bd5 36. Rf1 Kg7 37. h4 gxh4 0-1

[Event "II Festival del Salento A"]
[Site "Gallipoli ITA"]
[Date "2013.05.31"]
[Round "8"]
[White "Alkhaldi, Bader"]
[Black "Cammarota, Vittorio"]
[WhiteElo "1997"]
[BlackElo "1884"]
[Result "0-1"]
[PlyCount "76"]
[EventDate "2013.05.25"]

1. d4 d5 2. c4 c6 3. Nc3 Nf6 4. e3 a6 5. Nf3 Bf5 6. Be2 b5 7. b3 e6 8. O-O Nbd7
9. Bb2 Be7 10. h3 O-O 11. Nh4 Bg6 12. Nxg6 hxg6 13. Rc1 Rc8 14. Qc2 Qc7 15. Qb1
Qb8 16. Rfd1 Rfd8 17. a3 e5 18. dxe5 Nxe5 19. f4 Ned7 20. cxd5 cxd5 21. Nxd5
Nxd5 22. Rxd5 Nc5 23. Rxd8+ Rxd8 24. Rd1 Rf8 25. b4 Ne6 26. Qe4 Bh4 27. Qe5 Qc8
28. Qc3 Qb8 29. Rd7 Qb6 30. Kh2 Bf6 31. Qd2 Bxb2 32. Qxb2 Qxe3 33. Bf3 Qxf4+
34. Kg1 Ng5 35. Qb3 Qg3 36. Rd1 Nxh3+ 37. Kh1 Nf2+ 38. Kg1 Nxd1 0-1